Diagns̤tico organizacional evaluacin̤ sistm̌ica del desempeǫ empresarial en la era digital /

Bibliographic Details
Main Author: Vidal Arizabaleta, Elizabeth
Format: eBook
Language:Spanish
Published: Bogot:̀ ECOE, 2005
Subjects:
Online Access:Acceso restringido

MARC

LEADER 00000nam a22000007a 4500
005 20220207194424.0
007 cr|||| ||||
008 220207s2005 co |||||s|||| 00||0 spa d
020 |a 978-958-648-371-1 
035 |a 35783 
040 |a vLex 
090 |c 12919  |d 12919 
100 1 |a Vidal Arizabaleta, Elizabeth 
245 1 0 |a Diagns̤tico organizacional  |h [Recurso electrn̤ico] :  |b evaluacin̤ sistm̌ica del desempeǫ empresarial en la era digital /  |c Elizabeth Vidal Arizabaleta 
256 |a Servicio en ln̕ea 
260 |a Bogot:̀  |b ECOE,  |c 2005 
300 |a 1 recurso electrn̤ico 
500 |a "Es fundamental para aquellos que deben tomar las decisiones generales en la empresa. Debido a la velocidad de los cambios, la labor de diagns̤tico, desafa̕ nuestra propia velocidad para capturarlos, comprenderlos y reinterpretarlos de acuerdo con nuestras realidades locales, por ello los instrumentos de evaluacin̤ tambiň deben cambiar, el diagns̤tico por r̀eas funcionales separadas ya no revela el estado general de la organizacin̤, hoy en da̕ se integra para apreciar su dimensin̤." 
506 1 |a Disponible solo en los productos indicados  |d vLex Global  |d vLex Global (Academic Edition, excluding Law Schools)  |d vLex Global (U.S. Academic Edition, Law Schools)  |d vLex Global (U.S. Academic Edition, excluding Law Schools)  |d vLex Global (Academic Edition, Law Schools) 
650 0 4 |a Derecho Mercantil y de la Empresa  |z Colombia 
650 0 4 |a Contabilidad  |z Colombia 
740 0 |a vLex Libros (Servicio en ln̕ea) 
856 4 0 |u https://app.vlex.com/#/sources/35783  |z Acceso restringido 
942 |c BOOK 
999 0 |a Commercial and Company Law 
999 0 |a Accounting